LEADER 01249nam0 22002891i 450 001 UON00105792 005 20231205102614.277 100 $a20020107d1955 |0itac50 ba 101 $aeng 102 $aIT 105 $a|||| 1|||| 200 1 $aUgaritic Manual$eNewly revised grammar, Texts in transliteration cuneiform selections, Paradigms - Glossary - Indices$fCyrus H. Gordon 205 $aRoma : Pontificium Institutum Biblicum$b1955 210 $axv$d361 p. ; 30 cm 215 $aTre fascicoli raccolti in un solo volume 410 1$1001UON00013941$12001 $aAnalecta Orientalia$eCommentationes Scientificae de Rebus Orientis Antiqui$v35 606 $aLINGUA UGARITICA$xGRAMMATICHE$3UONC005694$2FI 620 $aIT$dRoma$3UONL000004 676 $a492.67$cLingua ugaritica$v21 700 1$aGORDON$bCyrus H.$3UONV001932$0177347 712 $aPontificio Istituto Biblico$3UONV245930$4650 801 $aIT$bSOL$c20240220$gRICA 899 $aSIBA - SISTEMA BIBLIOTECARIO DI ATENEO$2UONSI 912 $aUON00105792 950 $aSIBA - SISTEMA BIBLIOTECARIO DI ATENEO$dSI GLOTT B 8 III 011 $eSI MR 46458 5 011 996 $aUgaritic Manual$91306059 997 $aUNIOR